[Event "Ruhrgebiet VK1 0405"]
[Site "Ruhrgebiet"]
[Date "2005.02.20"]
[Round "7.8"]
[White "Strathoff, Dirk"]
[Black "Zent, Selcuk"]
[Result "1-0"]
[WhiteElo "1991"]
[BlackElo "1509"]
[PlyCount "41"]
[EventDate "2004.09.12"]
[EventType "team"]
[EventRounds "9"]
[EventCountry "GER"]
[SourceTitle "EXT 2006"]
[Source "ChessBase"]
[SourceDate "2005.11.24"]
[SourceVersion "1"]
[SourceVersionDate "2005.11.24"]
[SourceQuality "1"]
[WhiteTeam "Brackel II"]
[BlackTeam "Gelsenkirchen II"]
[WhiteTeamCountry "GER"]
[BlackTeamCountry "GER"]

1. Nf3 Nc6 2. d4 d5 3. c4 dxc4 4. d5 Nb8 5. e4 e6 6. Bxc4 c6 7. 0-0 cxd5 8. exd5 Nf6 9. dxe6 Qxd1 10. exf7+ Kd8 11. Rxd1+ Nbd7 12. Nc3 a6 13. Bf4 b5 14. Bd5 Ra7 15. Ne5 Nxe5 16. Bxe5 Nxd5 17. Nxd5 Bd7 18. Rac1 Be6 19. Bc7+ Kd7 20. Nf4+ Ke7 21. Re1 1-0

[Event "Ruhrgebiet VL1 0304"]
[Site "Ruhrgebiet"]
[Date "2004.02.29"]
[Round "7.8"]
[White "Korber, Markus"]
[Black "Zent, Selcuk"]
[Result "1-0"]
[WhiteElo "1897"]
[BlackElo "1547"]
[PlyCount "99"]
[EventDate "2003.09.28"]
[EventType "team"]
[EventRounds "9"]
[EventCountry "GER"]
[SourceTitle "EXT 2007"]
[Source "ChessBase"]
[SourceDate "2006.11.23"]
[SourceVersion "1"]
[SourceVersionDate "2006.11.23"]
[SourceQuality "1"]
[WhiteTeam "Steele/Kray Rochade"]
[BlackTeam "Gelsenkirchen II"]
[WhiteTeamCountry "GER"]
[BlackTeamCountry "GER"]

1. d4 d5 2. Bf4 Nc6 3. e3 Nf6 4. Nd2 Bf5 5. c3 e6 6. Ngf3 Bd6 7. Qb3 0-0 8. Qxb7 Bxf4 9. exf4 Na5 10. Qa6 c6 11. b4 Nc4 12. Nxc4 dxc4 13. Qxc4 a5 14. a3 Qd5 15. Bd3 Bxd3 16. Qxd3 Qe4+ 17. Qe3 axb4 18. Qxe4 Nxe4 19. cxb4 Nc3 20. Kd2 Nd5 21. g3 f6 22. Rhc1 Kf7 23. Kc2 Ra6 24. Kb3 Rb8 25. Ne1 Nc7 26. a4 Nd5 27. Nd3 Rab6 28. Rc4 R6b7 29. a5 Ke7 30. Ra4 Kd6 31. Nc5 Rb5 32. Ne4+ Kc7 33. Nc5 Kd6 34. Ne4+ Kc7 35. Nc3 R5b7 36. Nxd5+ exd5 37. Rc3 Re8 38. Re3 Rbb8 39. Ra3 Rxe3+ 40. fxe3 Kb7 41. Ka4 Ka6 42. Rc3 Kb7 43. b5 cxb5+ 44. Kxb5 Ka7+ 45. Kc5 Rc8+ 46. Kb4 Rb8+ 47. Ka4 Rb7 48. Rc5 Rd7 49. Kb5 Kb7 50. a6+ 1-0